Passé simple en espagnol - Statistiques

Statistiques générales
  • Ce quiz a été pris 149 fois
  • Le résultat moyen est 21 sur 42
Statistiques - réponses
persona hablar % Correct
Yo hablé
94%
comí
86%
viví
83%
fui
71%
hablaste
64%
Él/Ella/Usted habló
64%
comiste
63%
di
63%
Nosotros hablamos
60%
viviste
60%
fuiste
59%
comió
58%
comimos
57%
fue
55%
vivió
55%
vivimos
54%
comisteis
52%
estuve
52%
hice
51%
Vosotros hablasteis
49%
diste
48%
fuimos
48%
vivisteis
47%
dio
46%
Ellos/Ellas/Ustedes hablaron
45%
hiciste
45%
comieron
43%
estuviste
43%
dimos
42%
vivieron
42%
estuvo
41%
hizo
41%
estuvimos
40%
hicimos
39%
fuisteis
37%
disteis
35%
fueron
35%
dieron
31%
hicisteis
30%
estuvisteis
27%
hicieron
27%
estuvieron
25%
Aucun quiz correspondant
Distribution des résultats
% des personnes avec chaque résultat
Percentile par nombre de réponses
Votre historique - résultats
Vous n’avez pas pris ce quiz